[Event "Grand Pacific op Online"]
[Site "chess.com"]
[Date "2021.04.11"]
[Round "5.4"]
[White "Qiu, Andrew Yu"]
[Black "McLaren, Brian"]
[Result "0-1"]
[WhiteElo "1571"]
[BlackElo "2274"]
[PlyCount "112"]
[EventDate "2021.04.10"]
[EventType "swiss"]
[EventRounds "6"]
[EventCountry "CAN"]

1. e4 Nf6 2. Nc3 d5 3. exd5 Nxd5 4. Nxd5 Qxd5 5. Nf3 Bg4 6. Be2 e6 7. d4 Be7 8.
O-O O-O 9. Be3 Bf6 10. c3 Nd7 11. Qc2 Rac8 12. Rfd1 Rfd8 13. Bf4 h6 14. h3 Bf5
15. Bd3 Bxd3 16. Rxd3 c5 17. dxc5 Qc4 18. Bg3 Nxc5 19. Rxd8+ Rxd8 20. Be5 Bxe5
21. Nxe5 Qe4 22. Qxe4 Nxe4 23. Nf3 Nd2 24. Ne1 Nc4 25. b3 Ne5 26. Nc2 Rd2 27.
Ne3 Nd3 28. Nc4 Rc2 29. Nd6 Rxc3 30. Nxb7 Rc1+ 31. Rxc1 Nxc1 32. Nc5 Nxa2 33.
Kf1 Kf8 34. Ke2 Ke7 35. Nd3 Nc3+ 36. Kd2 Nd5 37. Ne5 a6 38. Nd3 Kd6 39. g3 e5
40. g4 e4 41. Nb2 Ke5 42. Ke2 Kd4 43. Kd2 Nf4 44. h4 h5 45. gxh5 Nxh5 46. Nd1
g6 47. Nc3 f5 48. Ne2+ Ke5 49. Ke3 f4+ 50. Kd2 f3 51. Nc3 Nf4 52. b4 Nd5 53. b5
Nxc3 54. b6 Kd6 55. Kxc3 a5 56. Kd4 a4 0-1

[Event "Grand Pacific op Online"]
[Site "chess.com"]
[Date "2021.04.11"]
[Round "5.5"]
[White "Ghazaryan, Suren"]
[Black "Laroche, Hugo"]
[Result "1/2-1/2"]
[WhiteElo "1540"]
[BlackElo "2013"]
[PlyCount "53"]
[EventDate "2021.04.10"]
[EventType "swiss"]
[EventRounds "6"]
[EventCountry "CAN"]

1. e4 g6 2. Nc3 Bg7 3. Bc4 d6 4. f4 Nf6 5. Nf3 O-O 6. O-O e5 7. fxe5 dxe5 8. d3
Nc6 9. a3 a5 10. Qe1 Bg4 11. Qh4 Bxf3 12. Rxf3 Nd4 13. Rf2 Nh5 14. Bg5 Qd7 15.
Nd5 Ne6 16. Nf6+ Nxf6 17. Bxf6 Nf4 18. Bg5 b5 19. Bb3 a4 20. Ba2 Ra6 21. Rb1
Qd4 22. g3 Ne6 23. Bd2 c5 24. Bc3 Qd6 25. Rbf1 f6 26. Qh3 Kh8 27. Bd2 1/2-1/2

[Event "Grand Pacific op Online"]
[Site "chess.com"]
[Date "2021.04.11"]
[Round "5.6"]
[White "Martin, Andrew"]
[Black "D'Souza, Carina"]
[Result "0-1"]
[WhiteElo "1534"]
[BlackElo "1942"]
[PlyCount "96"]
[EventDate "2021.04.10"]
[EventType "swiss"]
[EventRounds "6"]
[EventCountry "CAN"]

1. e4 d5 2. exd5 Nf6 3. Nf3 Nxd5 4. d4 g6 5. Be2 Bg7 6. c3 Nd7 7. O-O O-O 8.
Bg5 h6 9. Bh4 N7f6 10. Nbd2 Bf5 11. a3 c6 12. Ne5 Nf4 13. Bc4 Qb6 14. b4 N4d5
15. Qb3 g5 16. Bg3 a5 17. Rfe1 e6 18. Be2 a4 19. Qb2 Qd8 20. Nec4 Bg6 21. Nf3
Ne4 22. Rac1 h5 23. h3 Nxg3 24. fxg3 f6 25. Qd2 Qc7 26. Kf2 g4 27. hxg4 hxg4
28. Nh4 Bh5 29. Qd1 f5 30. Qd2 f4 31. gxf4 Rxf4+ 32. Kg1 Qf7 33. Rf1 Rxf1+ 34.
Rxf1 Qe7 35. g3 Rf8 36. Ng2 Rf6 37. Nf4 Nxf4 38. Rxf4 Bh6 39. Ne5 Bxf4 40. gxf4
Qg7 41. Kg2 Qh6 42. Kg3 Be8 43. Bxg4 Qg7 44. Kf3 Bg6 45. Qa2 Bf7 46. Nd7 Rg6
47. Ne5 Rh6 48. Qg2 Bh5 0-1

[Event "Grand Pacific op Online"]
[Site "chess.com"]
[Date "2021.04.11"]
[Round "5.7"]
[White "Guo, Veronica (Yu Han)"]
[Black "Morin, Sato"]
[Result "1-0"]
[WhiteElo "1665"]
[BlackElo "1439"]
[PlyCount "137"]
[EventDate "2021.04.10"]
[EventType "swiss"]
[EventRounds "6"]
[EventCountry "CAN"]

1. d4 Nf6 2. Bf4 e6 3. Nf3 d5 4. e3 c5 5. c3 Nbd7 6. Nbd2 Be7 7. Bd3 b6 8. O-O
O-O 9. Ne5 Bb7 10. Qf3 Re8 11. Qh3 Nf8 12. Bb5 N8d7 13. Ndf3 a6 14. Bd3 Ne4 15.
Nxd7 Qxd7 16. Ne5 Qd8 17. f3 Nf6 18. g4 g6 19. Bg5 c4 20. Bc2 Rf8 21. Qh4 Rc8
22. f4 Rc7 23. Rf3 Ne4 24. Bxe4 Bxg5 25. fxg5 dxe4 26. Rh3 f6 27. gxf6 Qxf6 28.
Qxf6 Rxf6 29. Rg3 g5 30. Kg2 Kg7 31. Rh1 b5 32. h4 gxh4 33. Rxh4 a5 34. Rgh3
Kg8 35. g5 Rf5 36. g6 hxg6 37. Rh8+ Kg7 38. R3h7+ Kf6 39. Rf8+ Kg5 40. Rxf5+
gxf5 41. Rxc7 Bd5 42. Kg3 b4 43. Rg7+ Kh6 44. Ra7 Kg5 45. Rxa5 f4+ 46. exf4+
Kf5 47. Ra7 e3 48. Rf7+ Ke4 49. Rh7 b3 50. a4 Kf5 51. Rh2 Ke4 52. Re2 Bc6 53.
Nxc6 Kd3 54. Rxe3+ Kxe3 55. Ne5 Kd2 56. Nxc4+ Kd3 57. Na5 Kc2 58. Nxb3 Kxb3 59.
a5 Kxb2 60. a6 Kxc3 61. a7 Kxd4 62. a8=Q Kc5 63. Kf3 Kd4 64. Qc6 e5 65. fxe5
Kd3 66. e6 Kd4 67. e7 Kd3 68. e8=Q Kd4 69. Qee4# 1-0

[Event "Grand Pacific op Online"]
[Site "chess.com"]
[Date "2021.04.11"]
[Round "5.8"]
[White "Wang, Steven"]
[Black "He, Matthew"]
[Result "1/2-1/2"]
[WhiteElo "1484"]
[BlackElo "1639"]
[PlyCount "45"]
[EventDate "2021.04.10"]
[EventType "swiss"]
[EventRounds "6"]
[EventCountry "CAN"]

1. e4 c6 2. Nf3 d5 3. Nc3 dxe4 4. Nxe4 Nf6 5. Qe2 Nxe4 6. Qxe4 Nd7 7. Bc4 Nf6
8. Ne5 e6 9. Qe2 Bd6 10. d4 Qc7 11. O-O b5 12. Bb3 O-O 13. Bf4 Bb7 14. c3 a5
15. a4 Ba6 16. axb5 cxb5 17. Rfc1 a4 18. Bc2 Rfc8 19. Bd3 Qb6 20. Bg5 Bxe5 21.
Qxe5 Nd7 22. Qg3 Kh8 23. Re1 1/2-1/2

[Event "Grand Pacific op Online"]
[Site "chess.com"]
[Date "2021.04.11"]
[Round "5.9"]
[White "Qiu, Peter Yong"]
[Black "Loke, Myron"]
[Result "0-1"]
[WhiteElo "1608"]
[BlackElo "1436"]
[PlyCount "70"]
[EventDate "2021.04.10"]
[EventType "swiss"]
[EventRounds "6"]
[EventCountry "CAN"]

1. e4 c6 2. d4 d5 3. exd5 cxd5 4. Nc3 Nf6 5. Nf3 Nc6 6. Bd3 Bg4 7. Be2 e6 8. h3
Bh5 9. Be3 Bb4 10. O-O Bxc3 11. bxc3 O-O 12. Bg5 Rc8 13. Qe1 h6 14. Bh4 Qc7 15.
Bxf6 gxf6 16. Nh4 Bxe2 17. Qxe2 Ne7 18. Qh5 Kh7 19. Rab1 b6 20. Rb3 Qf4 21. g3
Qg5 22. Qe2 Rg8 23. Kh2 f5 24. Nf3 Qf6 25. Ne5 Ng6 26. f4 Nxe5 27. fxe5 Qg5 28.
Rf3 h5 29. Qe3 Qxe3 30. Rxe3 Rc4 31. Ra3 a5 32. Rb3 Rgc8 33. g4 fxg4 34. hxg4
hxg4 35. Kg3 a4 0-1

[Event "Grand Pacific op Online"]
[Site "chess.com"]
[Date "2021.04.11"]
[Round "5.10"]
[White "King, Harvey"]
[Black "Mok, Gillian"]
[Result "1-0"]
[WhiteElo "2104"]
[BlackElo "1487"]
[PlyCount "159"]
[EventDate "2021.04.10"]
[EventType "swiss"]
[EventRounds "6"]
[EventCountry "CAN"]

1. e4 e5 2. Nf3 Nc6 3. Bb5 a6 4. Ba4 Nf6 5. Qe2 b5 6. Bb3 Bc5 7. O-O d6 8. h3
Bb7 9. c3 h6 10. Rd1 Bb6 11. d3 Qd7 12. a4 b4 13. Be3 Bxe3 14. fxe3 g5 15. Nh2
Na5 16. Nd2 Nxb3 17. Nxb3 a5 18. Rf1 Qe6 19. Qf3 Nd7 20. c4 h5 21. Qf5 Qxf5 22.
Rxf5 f6 23. c5 Ke7 24. Rc1 Bc6 25. cxd6+ Kxd6 26. Nd2 Bxa4 27. d4 exd4 28. exd4
c6 29. Nc4+ Kc7 30. Nxa5 b3 31. Nc4 Bb5 32. Ne3 Bd3 33. Nd5+ Kb7 34. Nxf6 Nxf6
35. Rxf6 Bxe4 36. Rc3 Bd5 37. Rf2 Rhf8 38. Rxf8 Rxf8 39. Nf3 Bxf3 40. Rxb3+ Kc7
41. gxf3 Kd6 42. Kf2 Kd5 43. Rc3 Rf6 44. Rc5+ Kxd4 45. Rxg5 Rh6 46. Ke2 Kc4 47.
Kd2 Kb3 48. Kc1 Kc4 49. Kd2 Kb3 50. Rc5 Kxb2 51. Ke3 Kb3 52. Kd3 Kb4 53. Rc1 c5
54. f4 Rd6+ 55. Ke4 c4 56. Ke5 Rd2 57. f5 c3 58. f6 Re2+ 59. Kd6 Rd2+ 60. Ke7
Re2+ 61. Kd7 Rd2+ 62. Ke8 Re2+ 63. Kf8 Rh2 64. Rf1 Rxh3 65. f7 c2 66. Kg8 Rg3+
67. Kh7 Rf3 68. Rxf3 c1=Q 69. f8=Q+ Kb5 70. Qf5+ Kb6 71. Qe6+ Kb5 72. Rf5+ Kb4
73. Qe4+ Kb3 74. Rf3+ Kb2 75. Qe2+ Qc2+ 76. Qxc2+ Kxc2 77. Kh6 h4 78. Kh5 h3
79. Rxh3 Kd2 80. Kg4 1-0

[Event "Grand Pacific op Online"]
[Site "chess.com"]
[Date "2021.04.11"]
[Round "6.1"]
[White "Sohal, Tanraj"]
[Black "Adam, Rafael"]
[Result "1-0"]
[WhiteElo "2383"]
[BlackElo "1934"]
[PlyCount "99"]
[EventDate "2021.04.10"]
[EventType "swiss"]
[EventRounds "6"]
[EventCountry "CAN"]

1. d4 Nf6 2. c4 e6 3. Nf3 Bb4+ 4. Nbd2 c5 5. dxc5 Bxc5 6. e3 O-O 7. Be2 d5 8.
O-O a6 9. a3 dxc4 10. Nxc4 b5 11. Nce5 Bb7 12. Qc2 Be7 13. Bd2 Nd5 14. Rfd1 Qe8
15. Rac1 Bf6 16. e4 Bxe5 17. Nxe5 Nf6 18. Bb4 Bxe4 19. Qd2 Nd5 20. Bxf8 Qxf8
21. Bd3 Bxd3 22. Qxd3 h6 23. h3 Qe8 24. Qg3 Nd7 25. Ng4 Kh8 26. Ne3 N7f6 27.
Nxd5 Nxd5 28. Qd6 a5 29. Rc6 Rd8 30. Qc5 b4 31. axb4 axb4 32. Rc1 Qd7 33. Rc8
Kh7 34. Qc2+ g6 35. Rc4 Qd6 36. Qd2 Qb6 37. Rh4 h5 38. Rd4 Ra8 39. Rdc4 Qd6 40.
Qd4 Ra2 41. Rc8 e5 42. Qc4 Rxb2 43. Rd1 Qb6 44. Qxd5 Qxf2+ 45. Kh1 Re2 46. Qf3
Re1+ 47. Rxe1 Qxe1+ 48. Kh2 e4 49. Qxf7+ Kh6 50. Rc6 1-0

[Event "Grand Pacific op Online"]
[Site "chess.com"]
[Date "2021.04.11"]
[Round "6.2"]
[White "McLaren, Brian"]
[Black "Wu, Jonathan"]
[Result "0-1"]
[WhiteElo "2274"]
[BlackElo "1844"]
[PlyCount "58"]
[EventDate "2021.04.10"]
[EventType "swiss"]
[EventRounds "6"]
[EventCountry "CAN"]

1. e4 c6 2. d4 d5 3. e5 c5 4. dxc5 e6 5. Be3 Nh6 6. Bd3 Nc6 7. Nf3 Ng4 8. Bf4
Bxc5 9. O-O Qb6 10. Qe2 Nxf2 11. Rxf2 Bxf2+ 12. Qxf2 Qxb2 13. c3 Qxa1 14. Bc1
Bd7 15. Qc2 Na5 16. Ba3 Nc4 17. Bxc4 dxc4 18. Nfd2 Bb5 19. Ne4 O-O-O 20. Nd6+
Rxd6 21. Bxd6 Rd8 22. h3 Bc6 23. Kh2 g6 24. Nd2 f5 25. Nxc4 Qf1 26. Na5 Be4 27.
Qb2 Qf4+ 28. Kg1 Qe3+ 29. Kh2 f4 0-1

[Event "Grand Pacific op Online"]
[Site "chess.com"]
[Date "2021.04.11"]
[Round "6.3"]
[White "Sali, Zulfikar"]
[Black "Kot, Emanuel"]
[Result "1-0"]
[WhiteElo "2223"]
[BlackElo "1674"]
[PlyCount "93"]
[EventDate "2021.04.10"]
[EventType "swiss"]
[EventRounds "6"]
[EventCountry "CAN"]

1. e4 c5 2. Nf3 d6 3. d4 cxd4 4. Nxd4 Nf6 5. Nc3 Nc6 6. Bc4 e6 7. Be3 Be7 8.
Qe2 a6 9. Bb3 Nxd4 10. Bxd4 b5 11. O-O-O O-O 12. e5 dxe5 13. Bxe5 Qb6 14. Ne4
Nd7 15. Bd4 Qc7 16. Rhe1 Bb7 17. Qg4 e5 18. Bc3 Nf6 19. Nxf6+ Bxf6 20. Rd7 Qb6
21. Qg3 Bc8 22. Rdd1 Be6 23. Bxe5 Bxb3 24. axb3 Bxe5 25. Rxe5 b4 26. Kb1 a5 27.
Qe3 Qa6 28. Qe2 Qc6 29. f3 Rfc8 30. Qe4 Qa6 31. Qd3 Qc6 32. Qc4 Qg6 33. Rc5
Rcb8 34. g4 h6 35. Rd7 Re8 36. Rcc7 Re1+ 37. Ka2 Rf8 38. h4 Re6 39. h5 Qf6 40.
f4 Kh8 41. f5 Ree8 42. Rxf7 Rxf7 43. Rxf7 Qb6 44. f6 Qe6 45. Rf8+ Kh7 46. Qd3+
Qe4 47. Rxe8 1-0

[Event "Grand Pacific op Online"]
[Site "chess.com"]
[Date "2021.04.11"]
[Round "6.4"]
[White "D'Souza, Carina"]
[Black "Guo, Veronica (Yu Han)"]
[Result "1-0"]
[WhiteElo "1942"]
[BlackElo "1665"]
[PlyCount "55"]
[EventDate "2021.04.10"]
[EventType "swiss"]
[EventRounds "6"]
[EventCountry "CAN"]

1. d4 d5 2. Bf4 e6 3. e3 Bd6 4. Nf3 c5 5. c3 Nf6 6. Nbd2 Qc7 7. Bxd6 Qxd6 8.
Ne5 Nc6 9. f4 O-O 10. Bd3 b6 11. Qf3 Nd7 12. Qh3 h6 13. g4 Ndxe5 14. dxe5 Qe7
15. g5 g6 16. Qxh6 d4 17. Ne4 f5 18. gxf6 Qh7 19. Qxh7+ Kxh7 20. Ng5+ Kh6 21.
Be4 Bd7 22. Rg1 Rac8 23. exd4 cxd4 24. Bxc6 Rxc6 25. Rg3 Kh5 26. Kf2 Rc4 27.
Rag1 Rxc3 28. bxc3 1-0

[Event "Grand Pacific op Online"]
[Site "chess.com"]
[Date "2021.04.11"]
[Round "6.5"]
[White "Loke, Myron"]
[Black "King, Harvey"]
[Result "1/2-1/2"]
[WhiteElo "1436"]
[BlackElo "2104"]
[PlyCount "47"]
[EventDate "2021.04.10"]
[EventType "swiss"]
[EventRounds "6"]
[EventCountry "CAN"]

1. e4 c5 2. Nc3 Nc6 3. g3 g6 4. Bg2 Bg7 5. f4 d6 6. Nf3 e6 7. O-O Nge7 8. d3
Nd4 9. Be3 f5 10. e5 Nec6 11. Bxd4 cxd4 12. Nb5 dxe5 13. Nxe5 Nxe5 14. fxe5
Bxe5 15. Qe2 Bg7 16. Bxb7 Bxb7 17. Qxe6+ Qe7 18. Nd6+ Kf8 19. Qxe7+ Kxe7 20.
Nxb7 Rab8 21. Rae1+ Kd7 22. Nc5+ Kd6 23. Nb3 Rhe8 24. Kf2 1/2-1/2

[Event "Grand Pacific op Online"]
[Site "chess.com"]
[Date "2021.04.11"]
[Round "6.6"]
[White "He, Matthew"]
[Black "Laroche, Hugo"]
[Result "0-1"]
[WhiteElo "1639"]
[BlackElo "2013"]
[PlyCount "64"]
[EventDate "2021.04.10"]
[EventType "swiss"]
[EventRounds "6"]
[EventCountry "CAN"]

1. d4 Nf6 2. c4 g6 3. Nc3 Bg7 4. e4 d6 5. Nf3 O-O 6. Be2 e5 7. d5 a5 8. Bg5 Na6
9. Nd2 Nc5 10. O-O h6 11. Bh4 Qd7 12. b3 Nh7 13. f3 f5 14. a3 g5 15. Bf2 f4 16.
b4 axb4 17. axb4 Rxa1 18. Qxa1 Na6 19. Qb1 h5 20. c5 g4 21. c6 Qe7 22. b5 Nc5
23. Bxc5 dxc5 24. Bc4 Kh8 25. b6 g3 26. bxc7 Qh4 27. hxg3 fxg3 28. Re1 Qh2+ 29.
Kf1 Bh6 30. Qd3 Bxd2 31. Re3 Qh1+ 32. Ke2 Qe1# 0-1

[Event "Grand Pacific op Online"]
[Site "chess.com"]
[Date "2021.04.11"]
[Round "6.7"]
[White "Windram, James"]
[Black "Zhang, Raymond Tangning"]
[Result "0-1"]
[WhiteElo "1922"]
[BlackElo "1585"]
[PlyCount "136"]
[EventDate "2021.04.10"]
[EventType "swiss"]
[EventRounds "6"]
[EventCountry "CAN"]

1. e4 e6 2. d4 d5 3. Nd2 c5 4. exd5 Qxd5 5. Ngf3 cxd4 6. Bc4 Qd7 7. Nb3 Qc7 8.
Bb5+ Bd7 9. Bxd7+ Nxd7 10. Nbxd4 Ngf6 11. O-O Be7 12. Nb5 Qb6 13. c4 a6 14. Be3
Qc6 15. Nfd4 Qc8 16. Nc3 Qxc4 17. Qf3 Qc7 18. Rac1 Qb8 19. Bf4 Bd6 20. Bxd6
Qxd6 21. Ncb5 axb5 22. Nxb5 Qb6 23. Nc7+ Ke7 24. Nxa8 Rxa8 25. Ra1 Kf8 26. b3
Kg8 27. h3 h6 28. Rfc1 Nd5 29. a3 Qd6 30. b4 Ne5 31. Qg3 Qb8 32. Rc5 Nd7 33.
Qxb8+ Rxb8 34. Rc2 Kf8 35. Kf1 Ke7 36. g3 b5 37. a4 bxa4 38. Rxa4 Rxb4 39. Ra7
Rb6 40. Kg2 Rd6 41. Rb2 N5b6 42. Kh2 g6 43. Kg2 Kf6 44. Rc2 Nd5 45. Rb2 g5 46.
Rbb7 Ne5 47. Ra8 Rc6 48. Rh8 Kg7 49. Rbb8 Ne7 50. Ra8 f6 51. Rhb8 f5 52. Rb7
N5g6 53. Raa7 Kf6 54. Kf3 e5 55. Ke2 h5 56. Kf3 h4 57. Ra3 e4+ 58. Kg2 hxg3 59.
Kxg3 f4+ 60. Kg4 Ne5+ 61. Kh5 Rc8 62. Ra6+ N5c6 63. Rxe7 Kxe7 64. Kxg5 e3 65.
fxe3 f3 66. Ra1 f2 67. Kg4 Rg8+ 68. Kf3 Rg1 0-1

[Event "Grand Pacific op Online"]
[Site "chess.com"]
[Date "2021.04.11"]
[Round "6.8"]
[White "Yang, Jingyun (Ryan)"]
[Black "Yuen, Noah Nathaniel"]
[Result "1-0"]
[WhiteElo "1551"]
[BlackElo "1821"]
[PlyCount "49"]
[EventDate "2021.04.10"]
[EventType "swiss"]
[EventRounds "6"]
[EventCountry "CAN"]

1. e4 c5 2. Nf3 d6 3. d4 cxd4 4. Nxd4 Nf6 5. Nc3 a6 6. Be3 e6 7. f3 b5 8. Qd2
Bb7 9. a3 Nbd7 10. Be2 Rc8 11. g4 Nb6 12. O-O-O Be7 13. h4 Nfd7 14. h5 d5 15.
exd5 Nxd5 16. Nxd5 Bxd5 17. Kb1 Ne5 18. h6 g6 19. Bf4 Nc4 20. Bxc4 bxc4 21. Qc3
f6 22. Nxe6 Bxe6 23. Rxd8+ Rxd8 24. Re1 Kf7 25. Qe3 1-0

[Event "Grand Pacific op Online"]
[Site "chess.com"]
[Date "2021.04.11"]
[Round "6.9"]
[White "Yao, Henry"]
[Black "Ghazaryan, Suren"]
[Result "0-1"]
[WhiteElo "1767"]
[BlackElo "1540"]
[PlyCount "110"]
[EventDate "2021.04.10"]
[EventType "swiss"]
[EventRounds "6"]
[EventCountry "CAN"]

1. e4 Nf6 2. d3 d5 3. e5 Nfd7 4. d4 e6 5. c3 c5 6. Nf3 Nc6 7. a3 Be7 8. b4 cxd4
9. cxd4 Qb6 10. Be2 f6 11. exf6 Bxf6 12. Be3 O-O 13. O-O Qd8 14. Nbd2 e5 15.
dxe5 Ndxe5 16. Bc5 Re8 17. Rc1 b6 18. Nxe5 Bxe5 19. Be3 d4 20. Rxc6 dxe3 21.
Nf3 exf2+ 22. Rxf2 Qxd1+ 23. Bxd1 Bf6 24. Re2 Ba6 25. Rxe8+ Rxe8 26. Bb3+ Kf8
27. Rc7 Re7 28. Rxe7 Kxe7 29. Kf2 b5 30. Ne1 Bb2 31. Nc2 Bb7 32. g3 Kd6 33. Ke3
Ke5 34. a4 a6 35. Ne1 Bd4+ 36. Ke2 Bg1 37. axb5 axb5 38. Bc2 h6 39. h3 Kd4 40.
Bd3 Bc6 41. Kd2 Be3+ 42. Ke2 Bg5 43. h4 Be7 44. Nc2+ Kc3 45. Ne3 Kxb4 46. Nf5
Bf6 47. g4 Bd7 48. h5 Kc3 49. Ne3 b4 50. Nd5+ Kd4 51. Ne3 b3 52. Nf5+ Kc3 53.
Ne3 b2 54. Nd1+ Kb3 55. Ne3 Bb5 0-1

[Event "Grand Pacific op Online"]
[Site "chess.com"]
[Date "2021.04.11"]
[Round "6.10"]
[White "Murray, Mike"]
[Black "Wang, Steven"]
[Result "1-0"]
[WhiteElo "2077"]
[BlackElo "1484"]
[PlyCount "69"]
[EventDate "2021.04.10"]
[EventType "swiss"]
[EventRounds "6"]
[EventCountry "CAN"]

1. Nc3 e5 2. e4 Nf6 3. Nf3 Nc6 4. g3 Bc5 5. Bg2 d6 6. h3 O-O 7. d3 Be6 8. Na4
Bb6 9. Nxb6 axb6 10. O-O Qd7 11. g4 h5 12. g5 Nh7 13. Kh2 Rfe8 14. Nh4 g6 15.
f4 exf4 16. Bxf4 d5 17. e5 d4 18. Qf3 Ra5 19. Qg3 Bd5 20. Rae1 Bxg2 21. Qxg2
Nxe5 22. a3 Qc6 23. Re4 Nf8 24. Rfe1 Nfd7 25. Qg3 Qxc2+ 26. R1e2 Qc6 27. Bxe5
Nxe5 28. Rxe5 Rexe5 29. Rxe5 Qc2+ 30. Ng2 Rxe5 31. Qxe5 Qxd3 32. Qxc7 Qe4 33.
Qd8+ Kh7 34. Qf6 Qe6 35. Qxd4 1-0

[Event "Intermat Online"]
[Site "chess.com"]
[Date "2021.05.15"]
[Round "1.1"]
[White "Cui, Sky"]
[Black "Kakkad, Vayu"]
[Result "0-1"]
[WhiteElo "706"]
[BlackElo "1002"]
[PlyCount "78"]
[EventDate "2021.05.15"]
[EventType "team"]
[EventRounds "2"]
[EventCountry "CAN"]
[WhiteTeam "BC"]
[BlackTeam "WA"]

1. e4 e5 2. Nf3 Nc6 3. Bc4 Nf6 4. Ng5 d5 5. exd5 Nxd5 6. Nxf7 Kxf7 7. Qf3+ Ke6
8. Nc3 Ncb4 9. O-O c6 10. d4 Nxc2 11. Rb1 Nxd4 12. Qe3 Bc5 13. Re1 Qd6 14. b4
Bxb4 15. Qh3+ Kf6 16. Qh4+ Ke6 17. Bf4 Bxc3 18. Rxe5+ Kd7 19. Qg4+ Kc7 20.
Qxg7+ Kb8 21. Re4 Nxf4 22. Qxh8 b5 23. Qg7 Nde2+ 24. Bxe2 Bxg7 25. Re3 Nxe2+
26. Rxe2 Qd3 27. Ree1 Bc3 28. Rf1 b4 29. Rbd1 Qe2 30. Rb1 Bf5 31. Rbc1 Bb2 32.
Rcd1 Bc2 33. Rd8+ Kb7 34. Rd7+ Ka6 35. h3 Bd3 36. Rc1 Bxc1 37. Kh2 Bf4+ 38. g3
Qxf2+ 39. Kh1 Be4# 0-1

[Event "Intermat Online"]
[Site "chess.com"]
[Date "2021.05.15"]
[Round "1.2"]
[White "Lian, Haoming"]
[Black "Ivanovic, Lena"]
[Result "1-0"]
[WhiteElo "871"]
[BlackElo "1039"]
[PlyCount "125"]
[EventDate "2021.05.15"]
[EventType "team"]
[EventRounds "2"]
[EventCountry "CAN"]
[WhiteTeam "BC"]
[BlackTeam "WA"]

1. e4 e5 2. Nc3 Nf6 3. f4 exf4 4. e5 Ng8 5. Nf3 Bc5 6. d4 Bb6 7. Bxf4 d5 8.
exd6 cxd6 9. Bc4 Nf6 10. O-O O-O 11. Re1 d5 12. Bb3 Bg4 13. h3 Bxf3 14. Qxf3
Bxd4+ 15. Kh1 Nc6 16. Bxd5 Nxd5 17. Nxd5 Bxb2 18. Rab1 Bd4 19. Rxb7 Bb6 20.
Nxb6 axb6 21. Qxc6 Qh4 22. Qe4 Rfd8 23. Rxb6 h6 24. Bh2 Qxe4 25. Rxe4 Rd1+ 26.
Bg1 Rxa2 27. Kh2 Rxc2 28. Re7 Rf1 29. Bd4 Rc4 30. Rd7 Rf4 31. Rbd6 Rc2 32. Kg3
Re4 33. Kf3 Re8 34. Rd8 Rxd8 35. Rxd8+ Kh7 36. g3 Rc1 37. Kf4 Rf1+ 38. Kg4 f5+
39. Kh4 Re1 40. Rd7 Re4+ 41. Kh5 Kg8 42. Kg6 Kf8 43. Bxg7+ Ke8 44. Rd5 Re6+ 45.
Kxf5 Re7 46. Re5 Rxe5+ 47. Bxe5 Kf7 48. Bd4 Kf8 49. Kg6 Kg8 50. Kxh6 Kf8 51.
Kg6 Kg8 52. h4 Kf8 53. h5 Kg8 54. h6 Kf8 55. h7 Ke7 56. h8=Q Ke6 57. Qe5+ Kd7
58. Qf6 Kc8 59. Qe7 Kb8 60. Qd7 Ka8 61. Bb6 Kb8 62. Qc7+ Ka8 63. Qa7# 1-0

[Event "Intermat Online"]
[Site "chess.com"]
[Date "2021.05.15"]
[Round "1.3"]
[White "Zhang, Kai"]
[Black "Wang, Ted"]
[Result "0-1"]
[WhiteElo "1101"]
[BlackElo "1598"]
[PlyCount "78"]
[EventDate "2021.05.15"]
[EventType "team"]
[EventRounds "2"]
[EventCountry "CAN"]
[WhiteTeam "BC"]
[BlackTeam "WA"]

1. e4 c5 2. Nf3 Nc6 3. d4 cxd4 4. Nxd4 Nf6 5. Nxc6 bxc6 6. e5 Qa5+ 7. Nc3 Qxe5+
8. Be2 e6 9. f4 Qc7 10. Bf3 d5 11. O-O Bc5+ 12. Kh1 O-O 13. a3 Bd6 14. Be2 e5
15. fxe5 Bxe5 16. h3 Be6 17. Qd3 Nd7 18. Be3 f5 19. Bg5 Nc5 20. Qf3 Ne4 21.
Nxe4 fxe4 22. Qe3 Bxb2 23. Rab1 Be5 24. Ba6 c5 25. Rb7 Rxf1+ 26. Bxf1 Qxb7 27.
Qxc5 Qb1 28. Kg1 Rf8 29. Qb5 Rxf1+ 30. Qxf1 Bd4+ 31. Kh2 Qxf1 32. Bh4 Qg1+ 33.
Kg3 Bf2+ 34. Kf4 Qh2+ 35. g3 g5+ 36. Kxg5 Kg7 37. Kh5 Qg2 38. Bg5 Qf3+ 39. g4
Bf7# 0-1

[Event "Intermat Online"]
[Site "chess.com"]
[Date "2021.05.15"]
[Round "1.4"]
[White "Song, David"]
[Black "Lin, Michael"]
[Result "0-1"]
[WhiteElo "854"]
[BlackElo "1566"]
[PlyCount "122"]
[EventDate "2021.05.15"]
[EventType "team"]
[EventRounds "2"]
[EventCountry "CAN"]
[WhiteTeam "BC"]
[BlackTeam "WA"]

1. e4 c5 2. Nf3 g6 3. d4 cxd4 4. Qxd4 Nf6 5. e5 Nc6 6. Qd1 Nxe5 7. Nxe5 Qa5+ 8.
Nc3 Qxe5+ 9. Qe2 Qxe2+ 10. Bxe2 Bg7 11. Nb5 O-O 12. O-O d6 13. Nc3 Bf5 14. Bd3
Bxd3 15. cxd3 Rac8 16. Be3 a6 17. Bg5 Rfe8 18. Rfe1 e5 19. Ne4 Re6 20. Nxf6+
Bxf6 21. Bd2 Rc2 22. Bc3 d5 23. Rac1 Rxc1 24. Rxc1 Rc6 25. g3 Kf8 26. Bb4+ Ke8
27. Re1 Kd7 28. Kf1 Ke6 29. Bc3 d4 30. Bxd4 Kd5 31. Bc3 Re6 32. f4 exf4 33.
Bxf6 Rxf6 34. Kg2 fxg3 35. hxg3 Re6 36. Rxe6 fxe6 37. Kf3 Kd4 38. Ke2 b5 39. a3
h5 40. Kd2 g5 41. Ke2 h4 42. gxh4 gxh4 43. Kf3 Kxd3 44. Kg4 e5 45. Kxh4 e4 46.
Kg3 e3 47. Kg2 e2 48. Kf2 Kd2 49. Kf3 e1=Q 50. Kf4 Qe3+ 51. Kf5 Kd3 52. Kf6 Qe4
53. Kf7 Qe5 54. Kg6 Qf4 55. Kg7 Qf5 56. Kg8 Qf6 57. Kh7 Qg5 58. Kh8 Kd4 59. Kh7
Ke5 60. Kh8 Kf6 61. Kh7 Qg7# 0-1

[Event "Intermat Online"]
[Site "chess.com"]
[Date "2021.05.15"]
[Round "1.5"]
[White "Low, Ethan Jun"]
[Black "Kona, Vidip"]
[Result "0-1"]
[WhiteElo "1233"]
[BlackElo "1722"]
[PlyCount "78"]
[EventDate "2021.05.15"]
[EventType "team"]
[EventRounds "2"]
[EventCountry "CAN"]
[WhiteTeam "BC"]
[BlackTeam "WA"]

1. b3 Nf6 2. Bb2 g6 3. e3 Bg7 4. Be2 O-O 5. Nf3 d6 6. d4 c5 7. O-O Nc6 8. c3 a5
9. c4 Bd7 10. a3 b6 11. d5 Na7 12. Nbd2 b5 13. e4 Qb6 14. e5 Ng4 15. cxb5 Nxb5
16. Nc4 Qb7 17. Rb1 dxe5 18. Nfxe5 Nxe5 19. Nxe5 Bf5 20. Bxb5 Qxb5 21. a4 Qb6
22. Nc4 Qc7 23. Bxg7 Kxg7 24. Rb2 Rad8 25. Rd2 h5 26. d6 exd6 27. Rxd6 Rxd6 28.
Qxd6 Qxd6 29. Nxd6 Be6 30. Rb1 Rb8 31. Nb5 Bd7 32. Nd6 Bxa4 33. h3 Bxb3 34. Ne4
c4 35. Nc3 Rd8 36. Kf1 Rd3 37. Nb5 a4 38. Na3 Ba2 39. Rb2 Rxa3 0-1

[Event "Intermat Online"]
[Site "chess.com"]
[Date "2021.05.15"]
[Round "1.6"]
[White "Zhu, Forrest"]
[Black "Arul, Sharvesh"]
[Result "0-1"]
[WhiteElo "1075"]
[BlackElo "1483"]
[PlyCount "60"]
[EventDate "2021.05.15"]
[EventType "team"]
[EventRounds "2"]
[EventCountry "CAN"]
[WhiteTeam "BC"]
[BlackTeam "WA"]

1. c4 e5 2. g3 Nf6 3. Bg2 c6 4. b3 d5 5. Bb2 Bd6 6. d4 exd4 7. Bxd4 dxc4 8.
bxc4 Bb4+ 9. Nc3 O-O 10. e3 Qe7 11. Nge2 Be6 12. Qb3 Nbd7 13. a3 Nc5 14. Qc2
Ba5 15. Rb1 Bxc4 16. O-O Bxc3 17. Qxc3 Bxe2 18. Bxc5 Qc7 19. Bxf8 Bxf1 20. Bxg7
Kxg7 21. Rxf1 Rd8 22. Be4 Qe7 23. Bc2 Kg8 24. h4 Ne4 25. Qb2 Nf6 26. Re1 Rd5
27. e4 Rb5 28. Qa1 Ng4 29. f3 Qc5+ 30. Kf1 Qf2# 0-1

[Event "Intermat Online"]
[Site "chess.com"]
[Date "2021.05.15"]
[Round "1.7"]
[White "Wu, Nicholas"]
[Black "Jammalamadaka, Vihaan"]
[Result "0-1"]
[WhiteElo "1265"]
[BlackElo "1755"]
[PlyCount "72"]
[EventDate "2021.05.15"]
[EventType "team"]
[EventRounds "2"]
[EventCountry "CAN"]
[WhiteTeam "BC"]
[BlackTeam "WA"]

1. d4 d5 2. Bf4 c5 3. e3 cxd4 4. exd4 Nc6 5. Nc3 Bf5 6. Bd3 Bxd3 7. Qxd3 e6 8.
Nf3 Nf6 9. O-O Bd6 10. Bxd6 Qxd6 11. Nb5 Qb8 12. c3 a6 13. Na3 O-O 14. Rfe1 Qf4
15. Nc2 Rfe8 16. Qe3 Qf5 17. Re2 Re7 18. Nce1 Rae8 19. Nd3 Ng4 20. Qf4 Qxd3 21.
Rd2 Qf5 22. Qg3 Nf6 23. Re1 Ne4 24. Qh4 Nxd2 25. Nxd2 e5 26. dxe5 Rxe5 27. Rxe5
Qxe5 28. g3 Qe1+ 29. Nf1 Ne5 30. Kg2 Nd3 31. Qd4 Re2 32. Qxd3 Qxf2+ 33. Kh3
Qxf1+ 34. Kh4 Rxh2+ 35. Kg4 h5+ 36. Kg5 Qf6# 0-1